Dictionnaire des herbes et des épices
में बचाया:
| मुख्य लेखक: | |
|---|---|
| स्वरूप: | पुस्तक |
| भाषा: | Undetermined |
| प्रकाशित: |
Paris
Noel
1963
|
| विषय: | |
| टैग : |
टैग जोड़ें
कोई टैग नहीं, इस रिकॉर्ड को टैग करने वाले पहले व्यक्ति बनें!
|
| Thư viện lưu trữ: | Trung tâm Học liệu Trường Đại học Cần Thơ |
|---|
| LEADER | 00496nam a2200181Ia 4500 | ||
|---|---|---|---|
| 001 | CTU_26598 | ||
| 008 | 210402s9999 xx 000 0 und d | ||
| 082 | |a 633.8303 | ||
| 082 | |b C685 | ||
| 100 | |a Colin Clair | ||
| 245 | 0 | |a Dictionnaire des herbes et des épices | |
| 245 | 0 | |c Colin Clair | |
| 260 | |a Paris | ||
| 260 | |b Noel | ||
| 260 | |c 1963 | ||
| 650 | |a agriculture - terminology,forage plants,herb | ||
| 904 | |i Minh, 981014 | ||
| 980 | |a Trung tâm Học liệu Trường Đại học Cần Thơ | ||